| 000 | 00733nam a22002177a 4500 | ||
|---|---|---|---|
| 999 |
_c1142 _d1142 |
||
| 001 | 1142 | ||
| 003 | BD-JhCC | ||
| 005 | 20171015182741.0 | ||
| 008 | 171015s1966 bg o||| |||| 00| 0 ben d | ||
| 035 | _a(BD-JhCC)1142 | ||
| 040 |
_aBD-JhCC _dBD-JhCC |
||
| 041 | _aben | ||
| 082 |
_a914.4 _bJAF 1966 |
||
| 100 | _aজাফরী, রোকাইয়া | ||
| 245 |
_aলেলিনের দেশে লালনের মেয়ে / _cরোকাইয়া জাফরী |
||
| 260 |
_aঢাকা : _bনওরোজ কিতাবিস্তান , _c১৯৬৬. |
||
| 300 |
_a১২৬ পৃ: _bill. ; _c২২ সেমি. |
||
| 650 |
_aTravel _zRussia |
||
| 942 |
_2ddc _cBK |
||